| 000 | 01305nam a2200349 a 4500 | ||
|---|---|---|---|
| 999 |
_c6223 _d6223 |
||
| 001 | 6223 | ||
| 003 | BD - Jhcc | ||
| 005 | 20180117111922.0 | ||
| 008 | 500101s1984 enk b 000 0 eng d | ||
| 020 | _a0813370132 (alk.paper) | ||
| 035 | _a(BD - Jhcc)6223 | ||
| 040 |
_aDLC _cDLC _dm/c _dUKM _dBD - Jhcc |
||
| 041 | _aeng | ||
| 050 | 0 |
_aTC513.5 _b.W38 1984 |
|
| 082 |
_a333.91/15/0956 _219 _bWAT 1984 |
||
| 245 | 0 | 0 |
_aWater in the Middle East : _bconflict or cooperation? / _cedited by Thomas Naff and Ruth C. Matson |
| 260 |
_aBoulder, Colo : _aLondon : _bWestview ; _aEpping : _bBowker, _c1984. |
||
| 300 |
_axvii, 236 p. : _bill. ; _c23 cm |
||
| 490 | 1 |
_aM.E.R.I. special studies ; _vno. 2 |
|
| 490 | 1 | _aWestview replica edition | |
| 500 | _a"Published in cooperation with the Middle East Research Institute, University of Pennsylvania"--Cover | ||
| 500 | _aPaste-over slip on t.p. verso : "Published in the UK by Bowker... Epping" | ||
| 504 | _aBibliography: p. [199]-218 | ||
| 650 | 0 |
_aWater resources development _zMiddle East |
|
| 700 | 1 | _aMatson, Ruth C. | |
| 700 | 1 | _aNaff, Thomas. | |
| 710 | 2 |
_aUniversity of Pennsylvania. _bMiddle East Research Institute. |
|
| 830 | 0 |
_aM.E.R.I. special studies ; _vno. 2 |
|
| 830 | 0 | _aWestview replica edition | |
| 942 |
_2ddc _cBK |
||